INDUSTRIAL LAW (Record no. 5844)

MARC details
000 -LEADER
fixed length control field 00355nam a22001337a 4500
008 - FIXED-LENGTH DATA ELEMENTS--GENERAL INFORMATION
fixed length control field 140126b xxu||||| |||| 00| 0 eng d
082 ## - DEWEY DECIMAL CLASSIFICATION NUMBER
Edition number 22 ed.
Classification number 343.07
Item number MAL
100 ## - MAIN ENTRY--PERSONAL NAME
Personal name P.L.MALIK'S.
245 ## - TITLE STATEMENT
Title INDUSTRIAL LAW
Statement of responsibility, etc MALIK'S,P.L.
250 ## - EDITION STATEMENT
Edition statement 24 ED.
260 ## - PUBLICATION, DISTRIBUTION, ETC. (IMPRINT)
Place of publication, distribution, etc INDIA
Name of publisher, distributor, etc EASTERN BOOK COMPANY.
Date of publication, distribution, etc 2013.
300 ## - PHYSICAL DESCRIPTION
Extent lxxxviii,3512 p.
Dimensions 24cm.
942 ## - ADDED ENTRY ELEMENTS (KOHA)
Source of classification or shelving scheme Dewey Decimal Classification
Item type Books
Holdings
Withdrawn status Lost status Source of classification or shelving scheme Damaged status Not for loan Home library Current library Shelving location Date acquired Total Checkouts Full call number Barcode Date last seen Price effective from Koha item type Public note
    Dewey Decimal Classification     Law Development Centre Main Library Law Development Centre Main Library Text Books and Laws 01/26/2014   343.07 MAL 7143/2014 01/26/2014 01/26/2014 Books reserve
    Dewey Decimal Classification     Law Development Centre Main Library Law Development Centre Main Library Text Books and Laws 01/26/2014   343.07 MAL 7144/2014 01/26/2014 01/26/2014 Books reserve